000 00465nam a2200169Ia 4500
008 090711s9999 xx 000 0 und d
082 _b80062
100 _aयशवंत कवी
245 _aयशोधन
260 _bअनंत सखाराम गोखले
_c1932
300 _a160
600 _aयशवंत कवी
630 _aयशोधन
700 _aयशवंत कवी
730 _aयशोधन
942 _cBOOK
999 _c288878
_d288878